Responses for show #4562 - Tuesday, June 8, 2004

Ken Jennings game 5.

Contestants

[<< previous game]

Paula Filson, a system programmer from Powell, Ohio

Corey Halgren, a supplier quality engineer from Noblesville, Indiana

Ken Jennings, a software engineer from Salt Lake City, Utah (whose 4-day cash winnings total $126,201)

[next game >>]

Jeopardy! Round responses

NATIONAL ANTHEMS
TV-PODGE
COLORS OF THE RAINBOW
ALL THE PRESIDENTS' CHILDREN
"EXTRA" HELPINGS
I'M ON A DIET
    $200 6
Japan

Ken
    $200 1
Seinfeld

Ken
    $200 16
blue

Ken
    $200 21
Caroline Kennedy

Paula
    $200 11
extraterrestrial

Ken
    $200 26
(Robert C.) Atkins

Paula
    $400 7
Canada

Ken
    $400 2
Fast Times at Ridgemont High

Ken
    $400 17
red

Paula
    $400 22
Jefferson Davis

Corey
    $400 12
extracurricular

Ken
    $400 27
the Scarsdale Diet

Paula
    $600 8
Austria

Ken
    $600 3
The Jetsons

Corey
    $600 18
green

Ken
    $600 23
Tad

Corey
    $600 13
extradition

Paula
    $600 28
Sarah, Duchess of York

Corey
    $1,800 9
Belize

Ken
    $800 4
Philadelphia

Paula
    $800 19
an orange

Ken
    $800 24
(Ulysses) Grant

Paula
    $800 14
extra virgin

Ken
    $800 29
eat more

Corey
    $1000 10
(Ken: What is "The Marseillaise"?)

the 18th century

KenPaula
    $1000 5
Two and a Half Men

Corey
    $1000 20
violet

Corey
    $1000 25
Alice

Ken
    $1000 15
an extravaganza

Paula
    $1000 30
the South Beach Diet

Corey

Scores at the first commercial break (after clue 15):

Ken Corey Paula
$4,000 $1,600 $3,400

Scores at the end of the Jeopardy! Round:

Ken Corey Paula
$6,600 $6,000 $5,400

Double Jeopardy! Round responses

OPERA
CELEBRITY SURNAME SPELLING
QUOTATIONS
"B" FOLKS
1845
4-LETTER WORDS
    $400 17
Faust

Ken
    $400 6
D-O-G-G

Ken
    $400 16
eyes

Ken
    $400 1
Tony Bennett

Ken
    $400 8
tagging him out

Paula
    $400 26
hook

Corey
    $1,800 18
Madame Butterfly

Ken
    $800 7
(Alex: Sarah Michelle Gellar, correct.)

G-E-L-L-A-R

Paula
    $800 21
women

Ken
    $800 2
Jim Beam

Corey
    $800 9
Polk

Ken
    $800 27
root

Paula
    $1200 19
Fidelio

Ken
    $1200 10
D-E-G-E-N-E-R-E-S

Ken
    $1200 23
beauty

Ken
    $1200 3
Leonard Bernstein

Ken
    $1200 13
iron

Ken
    $8,500 28
null & void

Paula
    $1600 20
Hoffmann

Paula
    $1600 11
C-O-E-N

Ken
    $1600 24
Thatcher

Ken
    $1600 4
Dr. Robert Ballard

Triple Stumper
    $1600 14
a bonnet

Triple Stumper
    $1600 29
an icon

Ken
    $2000 22
(Paula: Who is Tristan?)
...
(Alex: [*] is right, yes--Paula thought about it, but too late.)

Lohengrin

KenPaula
    $2000 12
(Corey: What is M-A-C-G-U-I-R-E?)

M-A-G-U-I-R-E

KenCorey
    $2000 25
(Alex: [*], yes. Jonathan Livingston Seagull.)

(Richard) Bach

Ken
    $2000 5
Lynda Barry

Ken
    $2000 15
Disraeli

Paula
    $2000 30
a mill

Ken

Scores at the end of the Double Jeopardy! Round:

Ken Corey Paula
$32,400 $5,200 $17,500

[wagering suggestions for these scores]

Final Jeopardy! Round responses

EUROPEAN ISLANDS
CoreyWhat is Sicily?
$1,800
PaulaWhat is Sardinia?
$17,500
KenWhat is Cyprus?
$2,601
Crete

Final scores:

Ken Corey Paula
$29,799 $3,400 $0
5-day champion: $156,000 2nd place: $2,000 3rd place: $1,000

Game dynamics:

Coryat scores:

Ken Corey Paula
$30,400 $5,200 $10,200
33 R
(including 2 DDs),
1 W
10 R,
1 W
15 R
(including 1 DD),
1 W

Combined Coryat: $45,800

The J! Archive is created by fans, for fans. The Jeopardy! game show and all elements thereof, including but not limited to copyright and trademark thereto, are the property of Jeopardy Productions, Inc. and are protected under law. This website is not affiliated with, sponsored by, or operated by Jeopardy Productions, Inc. Join the discussion at JBoard.tv.